| 000 | 01743nam a2200265 a 4500 | ||
|---|---|---|---|
| 001 | 000023899 | ||
| 005 | 20260420170825.0 | ||
| 008 | 100922s2010 dr ac r 000 0 spa d | ||
| 040 |
_aDO-SdBNP _bspa _cBNPHU |
||
| 082 |
_a301 _bM385n, 2010 |
||
| 100 | 1 |
_aMartínez Almanzar, Juan Francisco _d1950 - _910459 |
|
| 245 | 1 | 0 |
_aNociones de sociología general y jurídica / _cJuan Francisco Martínez Almánzar. |
| 260 |
_aSanto Domingo : _bCAIS, _c2010. |
||
| 300 |
_a390 p. : _bil. ; _c21 cm. |
||
| 500 | _aIncluye datos biográficos del autor en la solapa de la cubierta. | ||
| 504 | _aBibliografía : p. 390-392. | ||
| 505 | 0 |
_gPrefacio -- _tCiencias, conocimientos y ciencias sociales -- _tSociedad y sociología -- _tLos inicios de la sociología jurídica -- _tLa sociología jurídica y el derecho -- _tJuristas, sociólogos, razón y sanciones -- _tMétodos y técnicas de investigación en sociología jurídica -- _tLos aportes a la sociología jurídica de las distintas corrientes y escuelas del pensamiento social -- _tAccion social, cambio social y desviación social -- _tCultura, grupos sociales y comportamiento colectivo -- _tLa familia, el matrimonio y divorcio -- _tLa sociología jurídica y los tipos de estructuras -- _tDerecho, neoliberalismo y globalización -- _tLa nación dominicana y reformas constitucionales -- _tLos procesos políticos (1961-2008) -- _gBibliografía. |
|
| 590 | _aInventariado, 2018/VM | ||
| 650 | 0 |
_aJurisprudencia sociológica _94071 |
|
| 650 | 4 |
_aSociología _xEnsayos, conferencias, etc. _924199 |
|
| 650 | 0 |
_aCiencias sociales _91065 |
|
| 650 | 4 |
_aInvestigaciones _xMetodología _937127 |
|
| 710 | 1 | 0 |
_aCentro de Adiestramiento e Investigación social _949160 |
| 910 | _aValidado. Control de calidad. EMS | ||
| 999 |
_c23395 _d23395 |
||